Organizational behavior : (Record no. 22743)
[ view plain ]
| 000 -LEADER | |
|---|---|
| fixed length control field | 00559nam a2200193 a 4500 |
| 005 - DATE AND TIME OF LATEST TRANSACTION | |
| control field | 20140310183431.0 |
| 008 - FIXED-LENGTH DATA ELEMENTS--GENERAL INFORMATION | |
| fixed length control field | 080109s19uu xx 00 eng d |
| 020 ## - INTERNATIONAL STANDARD BOOK NUMBER | |
| International Standard Book Number | 9780071265287 |
| 050 ## - LIBRARY OF CONGRESS CALL NUMBER | |
| Classification number | HD 58.7 |
| Item number | .M478 2009 |
| 100 ## - MAIN ENTRY--PERSONAL NAME | |
| Personal name | McShane, Steven L. |
| 245 ## - TITLE STATEMENT | |
| Title | Organizational behavior : |
| Remainder of title | (essentials). |
| Statement of responsibility, etc | Mary Ann Von Glinow |
| 260 ## - PUBLICATION, DISTRIBUTION, ETC. (IMPRINT) | |
| Place of publication, distribution, etc | U.S.A : |
| Name of publisher, distributor, etc | McGraw-Hill, |
| Date of publication, distribution, etc | 2009. |
| 300 ## - PHYSICAL DESCRIPTION | |
| Extent | 398 p. : |
| Other physical details | col. ill. ; |
| Dimensions | 25 cm. |
| 521 ## - TARGET AUDIENCE NOTE | |
| Target audience note | |
| 650 ## - SUBJECT ADDED ENTRY--TOPICAL TERM | |
| Topical term or geographic name as entry element | Organizational behavior. |
| 700 ## - ADDED ENTRY--PERSONAL NAME | |
| Personal name | Glinow, Mary Ann Von |
| 942 ## - ADDED ENTRY ELEMENTS (KOHA) | |
| Koha item type | Books |
| Source of classification or shelving scheme | Library of Congress Classification |
| Call number prefix | Foreign |
| Withdrawn status | Lost status | Source of classification or shelving scheme | Damaged status | Home library | Current library | Shelving location | Date acquired | Total Checkouts | Full call number | Barcode | Date last seen | Date checked out | Copy number | Price effective from | Koha item type | Source of acquisition | Sub Shelving location | Public note |
|---|---|---|---|---|---|---|---|---|---|---|---|---|---|---|---|---|---|---|
| Library of Congress Classification | College Library | College Library | General Circulation Section | 12/10/2013 | 1 | HD 58.7 .M478 2009 | C15220 | 05/15/2018 | 02/26/2015 | 1 | 12/10/2013 | Books | ||||||
| Library of Congress Classification | College Library | College Library | General Circulation Section | 03/17/2025 | HD 58.7 .M478 2009 | C13135 | 03/17/2025 | 03/17/2025 | Books | Donation | Lost and replaced by: Abillar, Jhona |